Gold Medals won by Great Britain at the Summer Olympic Games - Statistics

General Stats
  • This quiz has been taken 44 times
    16 since last reset
  • The average score is 19 of 29
Answer Stats
Amount Won Overall Year First Won Year Most Recently Won Event % Correct
56 1900 2024 Athletics
100%
40 1908 2024 Cycling
100%
34 1908 2024 Rowing
100%
21 1900 2024 Swimming
94%
2 2016 2020 Diving
88%
14 1908 2024 Shooting
88%
20 1908 2020 Boxing
81%
3 1900 1912 Football
81%
17 1896 2016 Tennis
81%
1 1896 1896 Weightlifting
81%
32 1900 2024 Sailing
75%
2 2012 2016 Taekwondo
75%
2 1908 1908 Archery
69%
5 2008 2016 Canoeing
69%
1 1956 1956 Fencing
69%
4 1908 2016 Field Hockey
69%
1 2016 2016 Golf
69%
4 2016 2024 Gymnastics
69%
15 1952 2024 Equestrian
63%
4 2012 2024 Triathlon
63%
3 1908 1908 Wrestling
63%
4 1976 2020 Modern Pentathlon
50%
2 1908 1920 Tug of War
50%
3 1908 1920 Water Polo
50%
1 1900 1900 Cricket
44%
2 1908 1920 Polo
38%
1 2024 2024 Sport Climbing
25%
2 1908 1908 Rackets
13%
2 1908 1908 Water Motorsports
13%
No matching quizzes found
Score Distribution
Percent of People with Each Score
Percentile by Number Answered
Your Score History
You have not taken this quiz since the last reset